Statistics for Undeveloped Countries

Click here to take the quiz!

General Stats

  • This quiz has been taken 77 times
  • The average score is 37 of 46

Answer Stats

Answer% Correct
Democratic Republic of the Congo
94%
Guinea
92%
Somalia
91%
Burundi
89%
Chad
89%
South Sudan
89%
Central African Republic
87%
Eritrea
87%
Mauritania
87%
Sudan
87%
Uganda
87%
Angola
85%
Guinea Bissau
85%
Mali
85%
Niger
85%
Comoros
83%
Djibouti
83%
Ethiopia
83%
Malawi
83%
The Gambia
83%
Togo
83%
Yemen
83%
Afghanistan
81%
Zambia
81%
Benin
79%
Burkina Faso
79%
Haiti
79%
Liberia
79%
Mozambique
79%
Rwanda
79%
Senegal
79%
Bhutan
77%
Sierra Leone
77%
Bangladesh
75%
Cambodia
75%
Madagascar
75%
Tuvalu
75%
Lesotho
74%
Solomon Islands
74%
Tanzania
74%
Kiribati
72%
Laos
72%
Myanmar
72%
Nepal
72%
São Tomé and Príncipe
70%
East Timor
68%

Score Distribution

Percentile by Number Answered

Percent of People with Each Score

Your Score History

You have not taken this quiz